00688nam a2200241 a 4500001001300000003000900013005001700022008004100039020000900080082001600089100001800105245002700123260004600150300000800196500003500204650002000239700002200259700001800281902000800299942000700307952011500314999001700429nice12345678IN_TiNIC20260116014356.0110323s2002 newa grp 000 0 eng  ac3500a362.7bGEO4 aGeorge, S D B aLiving By Values (B.5) aNew Delhi bSavio Pubs. Pvt . Ltd. c2002 a56p aincludes index and biblioraphy aChild Education1 aMariella, I B M V1 aJerry, Thomas bSRS cBK 001040708StackRoom-aHMIbHMId2011-03-23g35.00l0o362.7 GEO4p023586r2011-03-23v35.00w2011-03-23yBK c15027d15027